Аутсайдери (Запис № 17768)

000 -Маркер запису
Контрольне поле сталої довжини 02270nam a22002657a 4500
003 - Належність контрольного номера
Контрольне поле Uzh_bibl
008 - Кодовані дані
Контрольне поле сталої довжини 260515b |||||||| |||| 00| 0 ukr d
020 ## - Індекс ISBN
ISBN 978-966-942-513-3
Ціна 96.75
040 ## - Джерело каталогіз.
Код мови каталог. укр.
041 ## - Код мови видання
Код мови оригіналу англійська
Код мови тексту українська
080 ## - Індекс УДК
Індекс УДК 821(73)
090 ## - Шифри
Поличний індекс 821(73)
Авторський знак Г 49
100 ## - Автор
Автор Гінтон,Сьюзен Елоїз
245 ## - Назва
Назва Аутсайдери
Відповідальність Пер. з англ. І. Серебрякової; ред. І.А. Коломієць
Фізичний носій Текст
260 ## - Вихідні дані
Місце видання Харків
Видавництво Віват
Дата видання 2019
300 ## - Фізичний опис
Обсяг 192 с.
Тип одиниці В опр.
490 ## - Серія
Назва серії Серія "Художня література"
520 ## - Анотація
Анотація Події розгортаються в американському містечку в 1960-ті роки. Підлітки із західних і східних кварталів, дві ворожі ватаги, уже давно ведуть війну, і йдеться не про дрібні хлопчачі конфлікти. Бідні діти вулиць і представники золотої молоді завжди знали лише один спосіб вирішити проблему — бійка. І от однієї страшної ночі їхнє життя змінилося назавжди…<br/><br/>Цей роман належить до світової класики XX століття, він здобув визнання мільйонів читачів, а ще став безперечно культовим для американської літератури. Авторка взялася за написання твору 1963 року, коли їй було п’ятнадцять, але це не завадило їй створити справжній взірець роману виховання — про непросте дорослішання, непоборні соціальні конфлікти та проблеми формування особистості.
521 ## - Примітка про цільове призначення
Примітка про цільове призначення Для широкого кола читачів
546 ## - Примітка про мову
Примітка про мову укр.
650 ## - Тематичні рубрики
Основна рубрика Літературно-художнє видання
653 ## - Ключові слова
Ключові слова Бійка
-- Підлітки
-- Ворожнеча
655 ## - Термін індексування — жанр/форма
Жанр/форма Проза
Типове ділення Роман
942 ## - ADDED ENTRY ELEMENTS (KOHA)
Джерело класифікації чи схема поличного розташування
Koha item type Книги
Фонди
Статус вилучення Статус втрати/відсутності Джерело класифікації чи схема поличного розташування Статус пошкодження Тип обігу (не для випозичання) Постійне розташування Поточне розташування Розташування у відділі Дата надходження Інвентарний номер Total Checkouts Повний (примірниковий) шифр зберігання Штрих-код Date last seen Дата, для якої чинна ціна заміни Тип одиниці (рівень примірника)
          Бібліотека-філія №3 Бібліотека-філія №3 Абонемент старший відділ 15/05/2026 71911   821(73) 4225 15/05/2026 15/05/2026 Книги

Працює на АБІС Коха